000 01641nam a22002177a 4500
999 _c62516
_d62516
003 Ge_BSU
005 20241125114548.0
008 241125s2006 ge ||||| |||| 00| 0 geo d
020 _a9994067478
041 _ageo
080 _a316.325(479.22)გ-96
100 _aგურგენიძე, პაატა
_923778
245 _aსაქართველოს სამოქალაქო საზოგადოების შეფასება, 2005 :
_bდემოკრატ. ფასეულებების ერთგულება გამოწვევებით აღსავსე გარემოში : სივიკუს-ის სამოქალაქო საზოგადოების ინდექსის შემოკლებული ინსტრუმენტი /
_cავტ. პაატა გურგენიძე ; მთ. რედ. გია ნოდია ; [თარგმანი თამარ ნასყიდაშვილისა
264 _aთბილისი :
_bკონსულტაციისა და ტრენინგის ცენტრი,
_c2006.
300 _a128გვ. :
_bდიაგრ. ;
_c23 სმ.
504 _aბიბლიოგრ.: გვ. 123-128.
653 _aსამოქალაქო საზოგადოება საქართველოში
700 _aნოდია, გია
_eმთავარი რედაქტორი
_923779
700 _aნასყიდაშვილი, თამარ
_eმთარგმნელი
_923780
942 _2udc
_cBK